000 00531nam a2200181Ia 4500
005 20250326124808.0
008 250326s9999 xx 000 0 und d
037 _aTextbook
040 _aFMSL
_beng
_cFMSL
041 _aeng
_2eng
084 _aX:89ZB K9
_qFMSL
100 _aCetron M J
_9737512
245 0 _aTechnical resource management quanititative methods
_cCetron M J; Isenson R And Others
260 _aLondon
_bLondon, MIT
_c1969
300 _a236p
942 _cTB
_hX:89ZB K9
999 _c1275243
_d1275243